| 000 | 00798cam a2200229 a 4500 | ||
|---|---|---|---|
| 001 | 000018409 | ||
| 005 | 20200929165510.0 | ||
| 008 | 780306s1977 ho f000 p spa d | ||
| 040 |
_aDO-SdBNP _bspa _cLC _dBNPHU |
||
| 082 |
_aHo861.44 _bC265p |
||
| 100 | 1 |
_aCárcamo, Jacobo, _d1916-1959. _939855 |
|
| 245 | 1 | 0 |
_aPreludio continental : _b[antología] / _cJacobo Cárcamo ; selección y prólogo de Pompeyo del Valle. |
| 260 |
_aTegucigalpa : _bSecretaría de Cultura, Turismo e Información, _c1977. |
||
| 300 |
_a69 p. ; _c20 cm. |
||
| 490 | 1 | _aEl Pez Volador | |
| 650 | 4 |
_aPoesía hondureña _916914 |
|
| 650 | 4 |
_aLiteratura hondureña _ySIGLO XX _939196 |
|
| 700 | 1 |
_aValle, Pompeyo del, _epról. _939037 |
|
| 830 | 0 |
_aEl Pez Volador _939856 |
|
| 910 | _aCatalogación derivada | ||
| 049 | _aBNGR | ||
| 999 |
_c17930 _d17930 |
||